000 00334nam a22001457a 4500
008 210310b ||||| |||| 00| 0 eng d
020 _a9781305575127
041 _aeng
080 _223rd
_a34
082 _a34
100 _a13
101 _aJUR
245 _aBusiness Law and the Legal Environment
_cTwomey, D. P
942 _2udc
_cBK
999 _c56179
_d56179